I can color : (Record no. 8694)

MARC details
000 -LEADER
fixed length control field 01070nam a22002177a 4500
001 - CONTROL NUMBER
control field 8694
003 - CONTROL NUMBER IDENTIFIER
control field FISKH
005 - DATE AND TIME OF LATEST TRANSACTION
control field 20251010153329.0
008 - FIXED-LENGTH DATA ELEMENTS--GENERAL INFORMATION
fixed length control field 251010b cb ||||| |||| 00| 0 eng d
020 ## - INTERNATIONAL STANDARD BOOK NUMBER
International Standard Book Number 9780769659688
040 ## - CATALOGING SOURCE
Original cataloging agency FISKH
Language of cataloging eng
Transcribing agency FISKH
Modifying agency FISKH
082 ## - DEWEY DECIMAL CLASSIFICATION NUMBER
Classification number 372.21
100 ## - MAIN ENTRY--PERSONAL NAME
Personal name Cherrington, Janelle
245 ## - TITLE STATEMENT
Title I can color :
Remainder of title Big skills for little hands /
260 ## - PUBLICATION, DISTRIBUTION, ETC.
Place of publication, distribution, etc. Greensboro :
Name of publisher, distributor, etc. Brighter Child,
Date of publication, distribution, etc. 2009.
300 ## - PHYSICAL DESCRIPTION
Extent 79 pages :
Other physical details color illustrations ;
Dimensions 28 cm
520 ## - SUMMARY, ETC.
Summary, etc. Big Skills for Little Hands: I Can Color is an early learning workbook designed to develop fine motor control and pre-writing skills in young children. Through fun, age-appropriate coloring activities, children practice hand–eye coordination, pencil grip, and color recognition — essential foundations for later writing and drawing skills. The book supports early childhood education goals and is ideal for use at home or in preschool classrooms.
650 ## - SUBJECT ADDED ENTRY--TOPICAL TERM
Topical term or geographic name entry element Early Learning
Form subdivision Fine Motor Skills
General subdivision Coloring Book
Chronological subdivision Preschool
942 ## - ADDED ENTRY ELEMENTS (KOHA)
Source of classification or shelving scheme Dewey Decimal Classification
Koha item type Books
Suppress in OPAC No
Holdings
Withdrawn status Lost status Source of classification or shelving scheme Damaged status Not for loan Collection Home library Current library Shelving location Date acquired Total Checkouts Full call number Barcode Date last seen Copy number Price effective from Koha item type
    Dewey Decimal Classification     Reference Footprints International School Library Network Toul Kork Campus Footprints International School Library Network Toul Kork Campus Librarian's Shelf TK 10/10/2025   CHE 372.21 PZ7 2025-4541 10/10/2025 1 10/10/2025 Books
    Dewey Decimal Classification     Reference Footprints International School Library Network Toul Kork Campus Footprints International School Library Network Toul Kork Campus Librarian's Shelf TK 10/10/2025   CHE 372.21 PZ7 2025-4542 10/10/2025 2 10/10/2025 Books